| 000 | 00603nam a2200217Ia 4500 | ||
|---|---|---|---|
| 003 | 0100 | ||
| 008 | 130303s9999 xx 000 0 und d | ||
| 020 | _a883449897 | ||
| 040 | _cARRUPELIB | ||
| 050 | _aBT65 .D65 1994 | ||
| 245 | _aDoing theology in context | ||
| 245 | _bSouth African perspectives | ||
| 260 | _aMaryknoll, N. Y. | ||
| 260 | _bOrbis Books , Cape Town, D. Phillip | ||
| 260 | _C1994 | ||
| 300 | _axi | ||
| 300 | _b 236p. 24cm. | ||
| 440 | _aTheology and praxis, v1 | ||
| 700 | _aEdited by John W. de Grunchy and Charles Villa-Vicencio , Villa-Vicencio, Charles | ||
| 942 | 0 | 0 | _01 |
| 999 |
_c8833 _d8833 |
||